Growth and instability in agriculture (Record no. 1421)

MARC details
000 -LEADER
fixed length control field 00486nam a2200169Ia 4500
020 ## - INTERNATIONAL STANDARD BOOK NUMBER
ISBN 81-7040-204-2
082 ## - DEWEY DECIMAL CLASSIFICATION NUMBER
Classification number 338.1095455 JAI-;
100 ## - MAIN ENTRY--AUTHOR NAME
Personal name Jain, Komal Kumar
245 #0 - TITLE STATEMENT
Title Growth and instability in agriculture
260 ## - PUBLICATION, DISTRIBUTION, ETC. (IMPRINT)
Place of publication Bombay
Name of publisher Himalaya Publishing
Year of publication 1990
300 ## - PHYSICAL DESCRIPTION
Number of Pages 371p.
504 ## - BIBLIOGRAPHY, ETC. NOTE
Bibliography, etc Includes index, bibliography
650 ## - SUBJECT ADDED ENTRY--TOPICAL TERM
Topical Term Agricultural productivity - Punjab
650 ## - SUBJECT ADDED ENTRY--TOPICAL TERM
Topical Term Agriculture - Economic aspects - Punjab
650 ## - SUBJECT ADDED ENTRY--TOPICAL TERM
Topical Term Fram produce - Punjab
942 ## - ADDED ENTRY ELEMENTS (KOHA)
Koha item type Books
Holdings
Withdrawn status Lost status Damaged status Not for loan Home library Current library Date acquired Bill Date Full call number Accession Number Price effective from Koha item type
        NASSDOC Library NASSDOC Library 08/06/2004 2008-12-30 338.1095455 JAI-; 31250 18/04/2019 Books